Statystyki dla Państwa Oceanii. Quiz na mapie

Kliknij tutaj aby rozwiązać quiz!

Ogólne statystyki

  • Ten quiz został rozwiązany 24 razy
  • Średni wynik to 2 z 14

Odpowiedzi na mapie

Odpowiedzi skodowane kolorowo w zielono-czerwonej skali na mapie do tego quizu, zgodnie z poniższymi procentami.
 

Statystyki odpowiedzi

Odpowiedź% Poprawnych
Nowa Zelandia
68%
Fidżi
23%
Australia
14%
Samoa
14%
Nauru
9%
Tuvalu
9%
Vanuatu
9%
Mikronezja
9%
Kiribati
5%
Palau
5%
Papua Nowa Gwinea
5%
Tonga
0%
Wyspy Marshalla
0%
Wyspy Salomona
0%

Rozkład punktacji

Percentyl według liczby udzielonych odpowiedzi

Procent ludzi z każdym wynikiem

Twoja historia wyników

Nie rozwiązałeś tego quizu